|
|
|
|
| LEADER |
01801nam a2200481 a 4500 |
| 001 |
nkc20081806426 |
| 003 |
CZ PrNK |
| 005 |
20081020100704.0 |
| 007 |
ta |
| 008 |
080609s2007 xr a e p 000 0 cze |
| 015 |
|
|
|a cnb001806426
|
| 020 |
|
|
|a 978-80-244-1872-8
|q (brož.) :
|c neprodejné
|
| 035 |
|
|
|a (OCoLC)244814398
|
| 040 |
|
|
|a ABA001
|b cze
|
| 072 |
|
7 |
|a 655
|x Polygrafie. Vydavatelství a knižní obchod
|2 Konspekt
|9 12
|
| 072 |
|
7 |
|a 37.016
|x Učební osnovy. Vyučovací předměty. Učebnice
|2 Konspekt
|9 22
|
| 080 |
|
|
|a 069
|2 MRF
|
| 080 |
|
|
|a 655.2
|2 MRF
|
| 080 |
|
|
|a 77.089:004.932
|2 MRF
|
| 080 |
|
|
|a (07)
|2 MRF
|
| 245 |
0 |
0 |
|a Škola muzejní pedagogiky 7
|
| 250 |
|
|
|a 1. vyd.
|
| 260 |
|
|
|a Olomouc :
|b Univerzita Palackého v Olomouci,
|c 2007
|
| 300 |
|
|
|a 76 s. :
|b il. ;
|c 21 cm
|
| 500 |
|
|
|a Nad názvem: Univerzita Palackého v Olomouci, Pedagogická fakulta
|
| 504 |
|
|
|a Obsahuje bibliografie
|
| 505 |
0 |
0 |
|t Vybrané kapitoly z typografie /
|r Tomáš Chorý --
|t Digitální fotografie v muzejní praxi /
|r Petr Zatloukal
|
| 650 |
0 |
7 |
|a muzejnictví
|7 ph123051
|2 czenas
|
| 650 |
0 |
7 |
|a typografie
|7 ph116511
|2 czenas
|
| 650 |
0 |
7 |
|a digitální fotografie
|7 ph119455
|2 czenas
|
| 650 |
0 |
9 |
|a museum management
|2 eczenas
|
| 650 |
0 |
9 |
|a typography
|2 eczenas
|
| 650 |
0 |
9 |
|a digital photography
|2 eczenas
|
| 655 |
|
7 |
|a učební texty
|7 fd133599
|2 czenas
|
| 655 |
|
9 |
|a educational texts
|2 eczenas
|
| 700 |
1 |
|
|a Chorý, Tomáš,
|d 1960-
|7 ola200207068
|4 aut
|
| 700 |
1 |
|
|a Zatloukal, Petr,
|d 1956-
|7 mzk2006331711
|4 aut
|
| 710 |
2 |
|
|a Univerzita Palackého.
|b Pedagogická fakulta
|7 kn20010709375
|
| 910 |
2 |
|
|a BOA001
|b 2-1210.004
|
| 990 |
|
|
|a BK
|
| 995 |
|
|
|a 01
|
| 991 |
|
|
|b 200809
|c NOV
|
| 996 |
6 |
|
|b 2610352771
|c 2-1210.004
|l MZK
|r Sklad / do 1 hodiny
|n 12
|p p.v.
|w 000909658
|u 000010
|a 1
|e BOA001
|j MZK50
|s P
|